[Event "It (open)"]
[Site "masterchessopen.com Geneva (Switzerland)"]
[Round "0"]
[White "Liardet Fabrice (SUI)"]
[Black "Chachere Lawrence (USA)"]
[Result "1-0"]
[WhiteElo "2321"]
[BlackElo "2305"]

1.d4 Nf6 2.c4 e6 3.Nc3 Bb4 4.Qc2 c5 5.dxc5 O-O 6.Bf4 Qa5 7.e3 Ne4 8.Ne2 Nxc3
9.Nxc3 Na6 10.Bd6 Re8 11.a3 Nxc5 12.axb4 Qxa1+ 13.Ke2 Na6 14.g3 Nb8 15.Bc7 Na6
16.Ba5 b6 17.Bg2 Qxh1 18.Bxh1 Nc7 19.Bxa8 Nxa8 20.Qe4 d5 21.Qe5 bxa5 22.bxa5
dxc4 23.Qb8 Bd7 24.Qd6 Bc8 25.Kd1 {#r} 1-0

[Event "Ch Helsinki"]
[Site "masterchessopen.com Helsinki (Finland)"]
[Round "0"]
[White "Sinervuo Veli-Pekka (FIN)"]
[Black "Lehtinen Antti (FIN)"]
[Result "0-1"]
[WhiteElo "1988"]
[BlackElo "2193"]

1.d4 Nf6 2.c4 e6 3.Nc3 Bb4 4.Qc2 c5 5.dxc5 O-O 6.Nf3 Na6 7.a3 Bxc3+ 8.Qxc3
Nxc5 9.b4 Nce4 10.Qc2 a5 11.b5 b6 12.e3 Bb7 13.Be2 Rc8 14.Qb3 Qc7 15.Bb2 Ng4
16.O-O Nd2 {#R} 0-1

[Event "It (cat.8)"]
[Site "masterchessopen.com Kecskemet (Hungary)"]
[Round "0"]
[White "Sjoberg Mats (SWE)"]
[Black "Siklosi Zoltan (HUN)"]
[Result "0-1"]
[WhiteElo "2360"]
[BlackElo "2365"]

1.d4 Nf6 2.c4 e6 3.Nc3 Bb4 4.Qc2 c5 5.dxc5 O-O 6.a3 Bxc5 7.Nf3 b6 8.Bg5 Bb7
9.e4 h6 10.Bh4 Be7 11.Rd1 Nh5 12.Bg3 Nxg3 13.hxg3 Nc6 14.e5 Rc8 15.Ne4 Na5
16.Rh5 Bd5 17.Neg5 Bxg5 18.Nxg5 g6 19.Nxf7 Kxf7 20.Rd4 gxh5 21.Qh7+ Ke8
22.Qg6+ Rf7 23.Rf4 Qe7 24.cxd5 Rc1+ 25.Ke2 exd5 {#R} 0-1

[Event "Ch France (accession)"]
[Site "masterchessopen.com Montpellier (France)"]
[Round "1"]
[White "Collas Didier (FRA)"]
[Black "Eliet Renaud (FRA)"]
[Result "1-0"]
[WhiteElo "2403"]
[BlackElo "2192"]

1.d4 Nf6 2.c4 e6 3.Nc3 Bb4 4.Qc2 c5 5.dxc5 O-O 6.a3 Bxc5 7.Nf3 b6 8.Bf4 Ba6
9.e3 Be7 10.Be2 Qc8 11.Qa4 Rd8 12.Rd1 d5 13.cxd5 Bxe2 14.Kxe2 Nxd5 15.Nxd5
Rxd5 16.Rxd5 exd5 17.Ne5 Na6 18.b4 Bf6 19.Kd2 Bxe5 20.Bxe5 Qf5 21.Bg3 Qc8
22.Rc1 Qb7 23.Qc6 Qxc6 24.Rxc6 Rd8 25.Rd6 Rc8 26.Rxd5 Nb8 27.b5 f6 28.a4 Kf8
29.Bxb8 Rxb8 30.Rd7 {#r} 1-0

[Event "It (open)"]
[Site "masterchessopen.com San Bernadino Brocco (Switzerland)"]
[Round "0"]
[White "Barbero Gerardo F (ARG)"]
[Black "Schneiders A (NED)"]
[Result "1-0"]
[WhiteElo "2495"]
[BlackElo "2163"]

1.d4 Nf6 2.c4 e6 3.Nc3 Bb4 4.Qc2 c5 5.dxc5 O-O 6.a3 Bxc5 7.Nf3 d5 8.Bg5 Be7
9.e3 Nbd7 10.cxd5 Nxd5 11.Bxe7 Qxe7 12.Nxd5 exd5 13.Bd3 Nf6 14.O-O Be6 15.Nd4
Rac8 16.Qa4 a6 17.Rac1 Rxc1 18.Rxc1 Rc8 19.Rxc8+ Bxc8 20.Qc2 Be6 21.h3 Qd7
22.Qc5 Qc8 23.Nxe6 Qxe6 24.Qc7 b5 25.Bf5 {#r} 1-0

[Event "It (open)"]
[Site "masterchessopen.com Dortmund (Germany)"]
[Round "2"]
[White "Toth Csaba (HUN)"]
[Black "Skembris Spyridon (GRE)"]
[Result "1-0"]
[WhiteElo "1908"]
[BlackElo "2520"]

1.d4 Nf6 2.c4 e6 3.Nc3 Bb4 4.Qc2 c5 5.dxc5 O-O 6.a3 Bxc5 7.Nf3 Qb6 8.e3 Be7
9.b4 d6 10.Bd3 a5 11.Na4 Qa7 12.Bb2 axb4 13.axb4 Nc6 14.Qb3 e5 15.Nc3 Qb8
16.Rxa8 Qxa8 17.O-O Bg4 18.Nd2 Qd8 19.Nd5 Nxd5 20.cxd5 Nb8 21.Qa4 Nd7 22.h3
Bh5 23.Rc1 f5 24.Qa7 e4 25.Bb5 Bf6 26.Bxf6 Qxf6 27.Bxd7 Qb2 28.Be6+ Kh8 29.Ra1
Qxd2 30.Qxb7 f4 31.Ra8 Be8 32.Qe7 {#r} 1-0

[Event "Tournament"]
[Site "masterchessopen.com Gladenbach (Germany)"]
[Round "0"]
[White "Pohlers Juergen (GER)"]
[Black "Hiebel Johannes (GER)"]
[Result "0-1"]
[WhiteElo "1992"]
[BlackElo "2295"]

1.d4 Nf6 2.c4 e6 3.Nc3 Bb4 4.Qc2 c5 5.dxc5 O-O 6.a3 Bxc5 7.Nf3 Nc6 8.Bg5 Nd4
9.Nxd4 Bxd4 10.e3 Qa5 11.exd4 Qxg5 12.Bd3 Qxg2 13.O-O-O Qg5+ 14.Kb1 Kh8
15.Rhg1 Qh6 16.f4 d6 17.Rg5 Bd7 18.Rdg1 g6 19.h4 Rae8 20.Ne2 Nh5 21.Qc3 f6
22.R5g3 Nxg3 {#R} 0-1

[Event "It (open)"]
[Site "masterchessopen.com Hamburg (Germany)"]
[Round "1"]
[White "Verhoef Helge (GER)"]
[Black "Cording Harm (GER)"]
[Result "0-1"]
[WhiteElo "2053"]
[BlackElo "2258"]

1.d4 Nf6 2.c4 e6 3.Nc3 Bb4 4.Qc2 c5 5.dxc5 O-O 6.Bf4 Na6 7.a3 Bxc3+ 8.Qxc3
Nxc5 9.f3 d5 10.Rd1 b6 11.b4 Ncd7 12.Bd6 Re8 13.e3 Bb7 14.c5 bxc5 15.bxc5 Bc6
16.Ba6 e5 17.Ne2 Re6 18.Bd3 Ne8 19.Bf5 Nxd6 20.cxd6 Rxd6 21.Bxd7 Qxd7 22.Qxe5
Re8 23.Qd4 Qe7 24.Rd3 Bb5 25.Rc3 Bc4 26.Kf2 Rb6 27.Re1 h6 28.e4 Bxe2 29.exd5
Rb2 30.Rc8 Ba6+ {#R} 0-1

[Event "It (open)"]
[Site "masterchessopen.com Hyeres (France)"]
[Round "0"]
[White "Flear Christine (FRA)"]
[Black "Jean Olivier (FRA)"]
[Result "1-0"]
[WhiteElo "2142"]
[BlackElo "2213"]

1.d4 Nf6 2.c4 e6 3.Nc3 Bb4 4.Qc2 c5 5.dxc5 O-O 6.a3 Bxc5 7.Nf3 b6 8.Bg5 Bb7
9.e3 Nc6 10.Bd3 h6 11.Bh4 Rc8 12.O-O a6 13.Rad1 Be7 14.e4 Nh5 15.Bxe7 Qxe7
16.Rfe1 d6 17.Bf1 Nf4 18.Qd2 Qf6 19.Qe3 Ne5 20.Nxe5 dxe5 21.Qxb6 Rb8 22.Qe3
Ng6 23.b4 Rfd8 24.a4 Rd4 25.b5 Rc8 26.bxa6 Bc6 27.f3 Rcd8 28.Rb1 Nf4 29.a7 Nd3
30.Red1 Nc5 31.Rb8 Na6 32.Rdb1 Qe7 33.R8b6 {#r} 1-0

[Event "It (open)"]
[Site "masterchessopen.com Katowice (Poland)"]
[Round "0"]
[White "Pisulinski Jan (POL)"]
[Black "Kveinys Aloyzas (LTU)"]
[Result "0-1"]
[WhiteElo "2352"]
[BlackElo "2545"]

1.d4 Nf6 2.c4 e6 3.Nc3 Bb4 4.Qc2 c5 5.dxc5 O-O 6.a3 Bxc5 7.Nf3 b6 8.Bg5 Bb7
9.e4 h6 10.Bh4 Be7 11.O-O-O Nh5 12.Bxe7 Qxe7 13.Nb5 d5 14.exd5 exd5 15.cxd5
Rc8 16.Nc3 Nd7 17.Bb5 Qd6 18.Kb1 Ndf6 19.Qf5 Rc5 20.Ne5 Bc8 {#R} 0-1

[Event "Olympiad"]
[Site "masterchessopen.com Manila (Philippines)"]
[Round "0"]
[White "Dambravaite Rita (LTU)"]
[Black "Borisova Borislava (SWE)"]
[Result "0-1"]
[WhiteElo "2280"]
[BlackElo "2089"]

1.d4 Nf6 2.c4 e6 3.Nc3 Bb4 4.Qc2 c5 5.dxc5 O-O 6.a3 Bxc5 7.Nf3 b6 8.Bg5 Bb7
9.e3 h6 10.Bh4 Be7 11.h3 Nc6 12.Be2 Rc8 13.O-O Na5 14.Nd2 d5 15.cxd5 Nxd5
16.Bxe7 Nxc3 17.bxc3 Qxe7 18.Nb3 Qg5 19.e4 Nxb3 20.Qxb3 Bxe4 21.g3 Qd2 22.Bc4
Bc2 23.Qb4 a5 24.Qb5 Rc5 25.Qa6 Qxc3 26.Be2 Qb3 27.a4 Rfc8 28.Bd1 Bxd1
29.Rfxd1 Rc2 30.Rdb1 Qf3 31.Qxb6 R8c5 32.Rf1 Rg5 33.Qd6 e5 34.Kh2 {#R} 0-1

[Event "It (open)"]
[Site "masterchessopen.com Mesa (Spain)"]
[Round "0"]
[White "Flear Glenn C (ENG)"]
[Black "Henriquez Garcia David (ESP)"]
[Result "1-0"]
[WhiteElo "2505"]
[BlackElo "2001"]

1.d4 Nf6 2.c4 e6 3.Nc3 Bb4 4.Qc2 c5 5.dxc5 O-O 6.a3 Bxc5 7.Nf3 d5 8.Bg5 dxc4
9.e3 Nbd7 10.Bxc4 a6 11.Rd1 Qc7 12.Ba2 Be7 13.Bb1 g6 14.O-O b5 15.Rd2 Bb7
16.Nd5 Nxd5 17.Qxc7 Nxc7 18.Bxe7 {#r} 1-0

[Event "It (open)"]
[Site "masterchessopen.com Sydney (Australia)"]
[Round "10"]
[White "Allen Andrew (AUS)"]
[Black "Parsonage Ian (AUS)"]
[Result "0-1"]
[WhiteElo "2263"]
[BlackElo "2215"]

1.d4 Nf6 2.c4 e6 3.Nc3 Bb4 4.Qc2 c5 5.dxc5 O-O 6.a3 Bxc5 7.Nf3 Nc6 8.Bg5 Be7
9.e3 Qa5 10.Be2 d5 11.O-O dxc4 12.Bxc4 h6 13.Bh4 Bd7 14.Rfd1 Rfd8 15.Nb5 a6
16.b4 Qb6 17.Nc3 Rac8 18.Na4 Qa7 19.Nc5 Bxc5 20.bxc5 Qxc5 21.Bxf6 gxf6 22.Qe4
Ne5 23.Nxe5 Qxe5 24.Qg4+ Qg5 25.Qd4 f5 26.h4 Qg7 27.Qb6 Qf6 28.Rd4 Rxc4 {#R}
0-1

[Event "It (open) \"]
[Site "masterchessopen.com Berlin (Germany)"]
[Round "0"]
[White "Ellers Holger (GER)"]
[Black "Hobuss Udo (GER)"]
[Result "1-0"]
[WhiteElo "2370"]
[BlackElo "2393"]

1.d4 Nf6 2.c4 e6 3.Nc3 Bb4 4.Qc2 c5 5.dxc5 O-O 6.a3 Bxc5 7.Nf3 Nc6 8.Bg5 Be7
9.e3 b6 10.Bd3 h6 11.Bh4 Bb7 12.O-O Rc8 13.Qe2 Na5 14.Rad1 Nb3 15.Bb1 Nc5
16.Ne5 d6 17.Bxf6 Bxf6 18.Qc2 Re8 19.Qh7+ Kf8 20.f4 a6 21.b4 Qc7 22.bxc5 dxe5
23.cxb6 {#r} 1-0

[Event "Ch World (juniors) (under 18) (g)"]
[Site "masterchessopen.com Bratislava (Slovakia)"]
[Round "3"]
[White "Schmid Shahanah (SUI)"]
[Black "Esirkepova Altyn (KAZ)"]
[Result "1-0"]
[WhiteElo "2069"]
[BlackElo "2174"]

1.d4 Nf6 2.c4 e6 3.Nc3 Bb4 4.Qc2 c5 5.dxc5 O-O 6.a3 Bxc3+ 7.Qxc3 a5 8.Bg5 a4
9.Nf3 Na6 10.Nd4 Nxc5 11.f3 d6 12.Nb5 Ra6 13.Rd1 Nfe4 14.Bxd8 Nxc3 15.Nxc3
Rxd8 16.e4 Bd7 17.Be2 Rb6 18.Rd2 Nb3 19.Rd3 Nc1 20.Rd2 Rc8 21.e5 Nxe2 22.Kxe2
Rxc4 23.exd6 Kf8 24.Ke3 f5 25.f4 Ke8 26.g3 Bc6 27.Rhd1 Kd7 28.h4 Be4 29.Rd4
Rxd4 30.Rxd4 Rxb2 31.Nxa4 Bd5 32.Nxb2 {#r} 1-0

[Event "It (open)"]
[Site "masterchessopen.com Copenhagen (Denmark)"]
[Round "10"]
[White "Andersen Ole Bo (DEN)"]
[Black "From Sigfred (DEN)"]
[Result "0-1"]
[WhiteElo "2138"]
[BlackElo "2195"]

1.d4 Nf6 2.c4 e6 3.Nc3 Bb4 4.Qc2 c5 5.dxc5 O-O 6.a3 Bxc5 7.Nf3 Nc6 8.Bg5 Be7
9.e3 h6 10.h4 Qa5 11.O-O-O a6 12.Bxf6 Bxf6 13.Ne4 Be7 14.Nd6 b5 15.Ng5 f5
16.g4 Bxd6 17.gxf5 Rxf5 18.Bh3 bxc4 19.Nxe6 dxe6 20.Rxd6 Qc5 21.Rhd1 Rd5
22.R1xd5 exd5 23.Qg6 Bxh3 24.Rxc6 Qf8 25.Qg3 Bf5 26.Qe5 Be4 27.Rc7 Qf6 {#R}
0-1

[Event "it (open) (zt)"]
[Site "masterchessopen.com Dublin (Ireland)"]
[Round "0"]
[White "Crouch Colin S (ENG)"]
[Black "O'Cinneide Mel (IRL)"]
[Result "1-0"]
[WhiteElo "2365"]
[BlackElo "2234"]

1.d4 Nf6 2.c4 e6 3.Nc3 Bb4 4.Qc2 c5 5.dxc5 O-O 6.a3 Bxc5 7.Nf3 Nc6 8.Bg5 Nd4
9.Nxd4 Bxd4 10.e3 Bxc3+ 11.Qxc3 Ne4 12.Bxd8 Nxc3 13.Bc7 Na4 14.Bd6 Re8 15.b3
{#r} 1-0

[Event "It (open)"]
[Site "masterchessopen.com Hamburg (Germany)"]
[Round "7"]
[White "Krallmann Matthias (GER)"]
[Black "Reeh Oliver (GER)"]
[Result "1-0"]
[WhiteElo "2252"]
[BlackElo "2453"]

1.d4 Nf6 2.c4 e6 3.Nc3 Bb4 4.Qc2 c5 5.dxc5 O-O 6.a3 Bxc5 7.Nf3 Nc6 8.Bg5 Be7
9.e4 b6 10.Be2 Bb7 11.O-O Rc8 12.b4 Qc7 13.Rfd1 a6 14.Rac1 h6 15.Bh4 Nh5 16.b5
Bxa3 17.bxc6 dxc6 18.Rb1 b5 19.Nd4 Nf4 20.Bf1 Bd6 21.Bg3 b4 22.Na4 c5 23.Nb3
e5 24.Bxf4 exf4 25.e5 Be7 26.Qf5 Qc6 27.Ra1 f3 28.Na5 Qe4 29.Bd3 Qxf5 30.Bxf5
Rc7 31.Nxb7 Rxb7 32.Be4 {#r} 1-0

[Event "It \"]
[Site "masterchessopen.com Hungary"]
[Round "5"]
[White "Schroter Tamas (HUN)"]
[Black "Karsa Laszlo (HUN)"]
[Result "0-1"]
[WhiteElo "2219"]
[BlackElo "2346"]

1.d4 Nf6 2.c4 e6 3.Nc3 Bb4 4.Qc2 c5 5.dxc5 O-O 6.a3 Bxc5 7.Nf3 b6 8.Bg5 Be7
9.Rd1 Bb7 10.e4 Nc6 11.Be2 a6 12.e5 Ng4 13.Bf4 f6 14.exf6 Bxf6 15.Bd6 Be7
16.O-O Bxd6 17.Rxd6 Nce5 18.Ne4 Nxf3+ 19.gxf3 Ne5 20.Qc3 Rf5 21.Rfd1 Qh4
22.Ng3 Nxf3+ 23.Bxf3 Rxf3 24.Qb4 Rxg3+ 25.fxg3 Qe4 {#R} 0-1

[Event "Ch Netherlands (team)"]
[Site "masterchessopen.com Netherlands"]
[Round "7"]
[White "Oosterom Erik (NED)"]
[Black "Ligterink Gert (NED)"]
[Result "0-1"]
[WhiteElo "2125"]
[BlackElo "2435"]

1.d4 Nf6 2.c4 e6 3.Nc3 Bb4 4.Qc2 c5 5.dxc5 O-O 6.Bf4 Na6 7.Bd6 Re8 8.a3 Qa5
9.Rc1 Bxc3+ 10.Qxc3 Qxc3+ 11.Rxc3 Ne4 12.Rc2 Naxc5 13.Bxc5 Nxc5 14.g3 b6
15.Bg2 d5 16.cxd5 exd5 17.Nf3 Bf5 18.Rd2 Nd3+ 19.Kf1 Rac8 20.e3 Be4 21.Ne1 Rc1
22.Re2 Nxe1 {#R} 0-1

[Event "It (open)"]
[Site "masterchessopen.com Ostend (Belgium)"]
[Round "9"]
[White "Mohandesi Shahin (IRI)"]
[Black "Pigott John C (ENG)"]
[Result "1-0"]
[WhiteElo "2216"]
[BlackElo "2384"]

1.d4 Nf6 2.c4 e6 3.Nc3 Bb4 4.Qc2 c5 5.dxc5 O-O 6.Bg5 Na6 7.a3 Bxc3+ 8.Qxc3
Nxc5 9.f3 Nfe4 10.Bxd8 Nxc3 11.Be7 Nb3 12.Bxf8 Kxf8 13.Rd1 Nxd1 14.Kxd1 Na5
15.e3 b6 16.b4 Nb7 17.Ne2 Nd6 18.Nd4 Bb7 19.Kc2 Rc8 20.Kb3 Ba6 21.b5 Bb7
22.Bd3 h6 23.a4 Ba8 24.Kb4 e5 25.Nf5 Nxf5 26.Bxf5 Rc7 27.Rc1 d5 28.c5 g6
29.Bb1 bxc5+ 30.Rxc5 Rxc5 31.Kxc5 Ke7 32.Ba2 d4 33.exd4 {#r} 1-0

[Event "It (open)"]
[Site "masterchessopen.com Cap d'Agde (France)"]
[Round "0"]
[White "Touzane Olivier (FRA)"]
[Black "Kogan Artur (ISR)"]
[Result "0-1"]
[WhiteElo "2320"]
[BlackElo "2470"]

1.d4 Nf6 2.c4 e6 3.Nc3 Bb4 4.Qc2 c5 5.dxc5 O-O 6.a3 Bxc5 7.Nf3 Nc6 8.Bg5 h6
9.Bh4 b6 10.O-O-O a5 11.e3 Be7 12.g4 Nxg4 13.Bxe7 Qxe7 14.h3 Nf6 15.Rg1 Bb7
16.e4 Nb4 17.axb4 axb4 18.Nd2 bxc3 19.Qxc3 d5 20.Qe3 Ra1+ 21.Kc2 Rxd1 22.Kxd1
Nxe4 23.Nxe4 dxe4 24.Qxh6 f5 25.Be2 b5 26.c5 Ra8 27.Qc1 b4 28.Bc4 Kf8 29.Rg6
Qxc5 30.Rxe6 Bd5 31.Ra6 Rxa6 32.Bxa6 Bb3+ 33.Kd2 Qxf2+ 34.Be2 Qf4+ {#R} 0-1

[Event "Ch URS (team) (corr.)"]
[Site "masterchessopen.com corr."]
[Round "0"]
[White "Silapov Azat (TKM)"]
[Black "Shemagonov Vladimir (RUS)"]
[Result "0-1"]
[WhiteElo "2336"]
[BlackElo "2231"]

1.d4 Nf6 2.c4 e6 3.Nc3 Bb4 4.Qc2 c5 5.dxc5 O-O 6.Bf4 Bxc5 7.e3 Nc6 8.Nf3 b6
9.a3 Bb7 10.Bd3 h6 11.h3 Nh5 12.Bh2 f5 13.Nb5 a5 14.O-O-O Nf6 15.Rhg1 Qe7
16.Nh4 Rfc8 17.g4 fxg4 18.Ng6 Qf7 19.Bd6 e5 20.Bxc5 e4 21.Nd6 Qxg6 22.Bxe4
Nxe4 23.Rxg4 Qxg4 24.hxg4 Nxc5 25.Nxc8 Rxc8 26.f4 a4 27.g5 Na5 28.Rg1 Be4
29.Qc3 Nd3+ 30.Kd1 Rxc4 {#R} 0-1

[Event "Memorial Klar (corr.)"]
[Site "masterchessopen.com corr."]
[Round "0"]
[White "Heemsoth Hermann"]
[Black "Stertenbrink Guenter (GER)"]
[Result "0-1"]
[WhiteElo "1995"]
[BlackElo "2280"]

1.d4 Nf6 2.c4 e6 3.Nc3 Bb4 4.Qc2 c5 5.dxc5 O-O 6.a3 Bxc5 7.Nf3 Nc6 8.e3 d5
9.b4 Bd6 10.cxd5 exd5 11.Nb5 Bg4 12.Nxd6 Qxd6 13.Bb2 Rfc8 14.Qa4 Bxf3 15.gxf3
d4 16.Qd1 Re8 17.b5 Qf4 18.bxc6 dxe3 19.Bxf6 Qxf6 20.Be2 Rad8 21.Qc1 exf2+
22.Kf1 Rxe2 {#R} 0-1

[Event "It (open)"]
[Site "masterchessopen.com Lucerne (Switzerland)"]
[Round "0"]
[White "Kelecevic Nedeljko (SUI)"]
[Black "Moeschinger Markus (SUI)"]
[Result "1-0"]
[WhiteElo "2460"]
[BlackElo "2162"]

1.d4 Nf6 2.c4 e6 3.Nc3 Bb4 4.Qc2 c5 5.dxc5 O-O 6.a3 Bxc5 7.Nf3 Nc6 8.Bg5 Be7
9.Rd1 a6 10.e3 h6 11.Bh4 b6 12.Be2 Nh5 13.Bxe7 Qxe7 14.O-O Nf6 15.Rd2 Rd8
16.Rfd1 d6 17.h3 Bb7 18.Rd3 Na5 19.b3 d5 20.cxd5 Nxd5 21.b4 Nxc3 22.Rxd8+ Rxd8
23.Rxd8+ Qxd8 24.Qxc3 Nc6 25.Bxa6 Bxa6 26.Qxc6 Be2 27.Nd4 Bd3 28.a4 g6 29.Nf3
Kg7 30.Ne5 {#r} 1-0

[Event "Ch Moscow"]
[Site "masterchessopen.com Moscow (Russia)"]
[Round "0"]
[White "Mitenkov Alexey (RUS)"]
[Black "Gelman Alexander (RUS)"]
[Result "1-0"]
[WhiteElo "2449"]
[BlackElo "2430"]

1.d4 Nf6 2.c4 e6 3.Nc3 Bb4 4.Qc2 c5 5.dxc5 O-O 6.a3 Bxc5 7.Nf3 Qb6 8.e3 Be7
9.Bd3 d6 10.O-O a6 11.b4 Qc7 12.Bb2 Nbd7 13.Rac1 b6 14.Ne4 h6 15.Ng3 Bb7 16.e4
Ne5 17.Nxe5 dxe5 18.Rfd1 Nd7 19.Bc3 Nb8 20.Qb2 Nc6 21.Ne2 f5 22.Qc2 g6 23.Bd2
Nd4 24.Nxd4 exd4 25.c5 bxc5 26.bxc5 Qc6 27.f3 Bg5 28.Bxg5 hxg5 29.Qd2 g4
30.Qg5 Kg7 31.Re1 gxf3 32.gxf3 Rf7 33.Re2 e5 {#r} 1-0

[Event "Ch Moravia (open)"]
[Site "masterchessopen.com Prerov (Czech Republic)"]
[Round "0"]
[White "Sochor Stanislav (CZE)"]
[Black "Skaroupka Jiri (CZE)"]
[Result "1-0"]
[WhiteElo "2092"]
[BlackElo "2192"]

1.d4 Nf6 2.c4 e6 3.Nc3 Bb4 4.Qc2 c5 5.dxc5 O-O 6.a3 Bxc5 7.Nf3 d5 8.cxd5 Nxd5
9.Nxd5 Qxd5 10.e4 Qd6 11.e5 Qe7 12.Bg5 f6 13.exf6 gxf6 14.Bh6 Re8 15.Bd3 Nc6
16.Rc1 Bb6 17.O-O Bd7 18.Rfe1 Rac8 19.Qe2 Nd4 20.Nxd4 Bxd4 21.Qg4+ {#r} 1-0

[Event "It (open) (juniors) (under 18)"]
[Site "masterchessopen.com Hallsberg (Sweden)"]
[Round "6"]
[White "Schneider Stefan (SWE)"]
[Black "Berzinsh Roland (LAT)"]
[Result "0-1"]
[WhiteElo "2351"]
[BlackElo "2475"]

1.d4 Nf6 2.c4 e6 3.Nc3 Bb4 4.Qc2 c5 5.dxc5 O-O 6.Nf3 Na6 7.a3 Bxc3+ 8.Qxc3
Nxc5 9.e3 b6 10.Be2 Ba6 11.b4 Nce4 12.Qb3 Rc8 13.Bb2 Qc7 14.Rc1 Ng4 15.Rf1
Rfe8 16.h3 Ngf6 17.Qd1 Qb8 18.g4 h6 19.Qd4 d6 20.h4 e5 21.Qd3 d5 22.g5 Rxc4
23.Rxc4 Bxc4 24.Qc2 Bxe2 25.Kxe2 Ng4 26.g6 fxg6 27.Qb3 Ngf6 28.Rd1 Kh7 29.Qc2
Re6 30.h5 Qe8 31.hxg6+ Qxg6 32.Rg1 Qh5 33.Qc7 Ng5 {#R} 0-1

[Event "It (open)"]
[Site "masterchessopen.com Bad Zurzach (Switzerland)"]
[Round "0"]
[White "Gruenenwald Evi (SUI)"]
[Black "Mikavica Mirko (SRB)"]
[Result "0-1"]
[WhiteElo "2033"]
[BlackElo "2270"]

1.d4 Nf6 2.c4 e6 3.Nc3 Bb4 4.Qc2 c5 5.dxc5 O-O 6.Bg5 Bxc5 7.Nf3 Nc6 8.Rd1 h6
9.Bh4 b6 10.e4 e5 11.Nd5 Be7 12.Bg3 Re8 13.Be2 Nb4 14.Qb1 Nbxd5 15.cxd5 d6
16.Nd2 a5 17.f3 Nh5 18.Bb5 Bd7 19.Qd3 Nf4 20.Bxf4 exf4 21.O-O Bf6 22.Bxd7 Qxd7
23.b3 b5 24.Kh1 Rec8 25.Rc1 a4 26.Rxc8+ Rxc8 27.bxa4 bxa4 28.e5 Bxe5 29.Nc4
Qe7 30.Na5 Bf6 31.Nc6 Qe3 32.Qa6 Re8 33.Qxa4 Qd2 34.Ne5 {#R} 0-1

[Event "It (open)"]
[Site "masterchessopen.com Cannes (France)"]
[Round "2"]
[White "Coutton Sylvain (FRA)"]
[Black "Muller Anne (FRA)"]
[Result "0-1"]
[WhiteElo "2147"]
[BlackElo "2185"]

1.d4 Nf6 2.c4 e6 3.Nc3 Bb4 4.Qc2 c5 5.dxc5 O-O 6.a3 Bxc5 7.Nf3 b6 8.Bf4 Be7
9.h3 Bb7 10.e4 d6 11.Be2 Nc6 12.O-O Rc8 13.Rad1 Rc7 14.e5 Ne8 15.Ne4 Rd7
16.exd6 Nxd6 17.Bxd6 Bxd6 18.Nfg5 g6 19.Nxd6 Rxd6 20.Ne4 Nd4 21.Qd3 Rd7 22.Qe3
f5 23.Nc3 f4 24.Qc1 f3 25.gxf3 Bxf3 26.Bxf3 Nxf3+ 27.Kg2 Qa8 28.Kg3 Qb8+ {#R}
0-1

[Event "Extra League 1995/96"]
[Site "masterchessopen.com Czech Republic"]
[Round "6"]
[White "Bakalar Petr (CZE)"]
[Black "Prandstetter Eduard (CZE)"]
[Result "0-1"]
[WhiteElo "2241"]
[BlackElo "2380"]

1.d4 Nf6 2.c4 e6 3.Nc3 Bb4 4.Qc2 c5 5.dxc5 O-O 6.Nf3 Na6 7.a3 Bxc3+ 8.Qxc3
Nxc5 9.b4 Nce4 10.Qc2 a5 11.b5 b6 12.e3 Bb7 13.Be2 Rc8 14.Bb2 d5 15.Qb3 Ng4
16.O-O dxc4 17.Bxc4 Qc7 {#R} 0-1

[Event "Ch Hessen (juniors) (under 17)"]
[Site "masterchessopen.com Hessen (Germany)"]
[Round "2"]
[White "Schaaf Rene (GER)"]
[Black "Malek Daniel (GER)"]
[Result "0-1"]
[WhiteElo "2186"]
[BlackElo "2329"]

1.d4 Nf6 2.c4 e6 3.Nc3 Bb4 4.Qc2 c5 5.dxc5 O-O 6.Nf3 Na6 7.a3 Bxc3+ 8.Qxc3
Nxc5 9.e3 a5 10.Be2 a4 11.O-O b6 12.Bd2 Ba6 13.Qc2 Rc8 14.Bb4 Nfe4 15.Rad1 Qc7
16.Rd4 f5 17.Rfd1 Rfd8 18.Bxc5 bxc5 19.R4d3 d5 20.Nd2 Nd6 21.Qxa4 Bxc4 22.Nxc4
Nxc4 23.Rc3 {#R} 0-1

[Event "Ch Moscow (open)"]
[Site "masterchessopen.com Moscow (Russia)"]
[Round "7"]
[White "Annakov Babakuli (USA)"]
[Black "Chudinovskikh Alexander M (RUS)"]
[Result "1-0"]
[WhiteElo "2410"]
[BlackElo "2305"]

1.d4 Nf6 2.c4 e6 3.Nc3 Bb4 4.Qc2 c5 5.dxc5 O-O 6.Nf3 Na6 7.g3 Nxc5 8.Bg2 Nce4
9.O-O Nxc3 10.bxc3 Be7 11.e4 d6 12.e5 dxe5 13.Nxe5 {#r} 1-0

[Event "Ch Slovenia (team)"]
[Site "masterchessopen.com Skofja Loka (Slovenia)"]
[Round "7"]
[White "Stojnic Miodrag (SLO)"]
[Black "Kovacic Peter (SLO)"]
[Result "0-1"]
[WhiteElo "2150"]
[BlackElo "2173"]

1.d4 Nf6 2.c4 e6 3.Nc3 Bb4 4.Qc2 c5 5.dxc5 O-O 6.Bg5 Na6 7.a3 Bxc3+ 8.Qxc3
Nxc5 9.Nf3 Nfe4 10.Bxd8 Nxc3 11.Be7 Nb3 12.bxc3 Nxa1 13.Nd2 Re8 14.Bd6 e5
15.Kd1 Re6 16.Bc5 Rc6 17.Be3 d5 18.Kc1 dxc4 19.Kb2 Nb3 20.Nf3 f6 21.g3 Nc5
22.Bg2 Na4+ 23.Ka1 Rd6 24.Rc1 Be6 25.Nd2 Rad8 26.Rc2 b6 {#R} 0-1

[Event "It (open)"]
[Site "masterchessopen.com Vladivostok (Russia)"]
[Round "7"]
[White "Annakov Babakuli (USA)"]
[Black "Batsanin Dmitry (RUS)"]
[Result "0-1"]
[WhiteElo "2410"]
[BlackElo "2441"]

1.d4 Nf6 2.c4 e6 3.Nc3 Bb4 4.Qc2 c5 5.dxc5 O-O 6.Nf3 Na6 7.g3 Nxc5 8.Bg2 b6
9.O-O Bb7 10.Nb5 Nce4 11.Ng5 d5 12.Nxe4 Nxe4 13.Bxe4 dxe4 14.Be3 a6 15.Rfd1
Qe7 16.Nc3 Rac8 17.a3 Bc5 18.Bxc5 Qxc5 19.Qb3 e3 20.f3 f5 21.Rac1 f4 22.Ne4
Qh5 23.Qxb6 fxg3 24.Nxg3 {#R} 0-1

[Event "It (open)"]
[Site "masterchessopen.com Boeblingen (Germany)"]
[Round "0"]
[White "Ruzele Darius (LTU)"]
[Black "Klett Thomas (GER)"]
[Result "1-0"]
[WhiteElo "2505"]
[BlackElo "1887"]

1.d4 Nf6 2.c4 e6 3.Nc3 Bb4 4.Qc2 c5 5.dxc5 O-O 6.a3 Bxc5 7.Nf3 Nc6 8.Bg5 h6
9.Bh4 Be7 10.Rd1 Qa5 11.e4 Nh5 12.Bxe7 Nxe7 13.Be2 Nf4 14.O-O f5 15.Rfe1 fxe4
16.Qxe4 Qb6 17.b4 d5 18.cxd5 Nexd5 19.Bd3 Nxc3 20.Qh7+ Kf7 21.Ne5+ Kf6 22.Ng4+
Ke7 23.Qxg7+ Rf7 24.Qxc3 h5 25.Ne3 Qc6 26.Qe5 {#r} 1-0